แสดงรายละเอียดบรรณานุกรม
  กลับหน้าหลัก

Brief Record : Get Marc (ISO 2709) : E-mail record : QR code ปิดหน้าต่าง
สารบัญ Review โดย
ใช้งานได้ทุกระบบ
ห้องสมุด วพบ.ขอนแก่น
ใช้งานได้ทุกระบบ เมื่อ2/มีนาคม/2558
  • บทที่ 1 ความรู้สึกผูกพัน
  • บทที่ 2 ทฤษฎีคอนโทรลมาสเตอรี่และการบำบัด
  • บทที่ 3 จิตบำบัดแบบสัมพันธภาพระหว่างบุคคล
  • บทที่ 4 แบบแผนความคิดบำบัด
  • บทที่ 5 cognitive behavioral alalysis system of psychotherapy
  • บทที่ 6 เมนทัลลิเซซั่น
  • บทที่ 7 การตอบสนองที่เป็นการเยียวยาและกระบวนการเปลี่ยนแปลง
  • บทที่ 8 ประเด็นปัญหาและเทคนิคการแก้ไข

E-books : เกี่ยวกับ Collections
LEADER 00000nam 2200000uu 4500
001    206050
003     ULIBM
008    110531s2553||||th 000 0 tha d
020    ^a978-974-672-522-4
060  0 WM 420 ท446จ 2553.
100 0  ^aทินกร วงศ์ปการันย์.
245 00 ^aจิตบำบัด : ทฤษฎีและเทคนิค = Psychotherapy : Theories and techniques./^bทินกร วงศ์ปการันย์.
250    ^aพิมพ์ครั้งที่ 2
260    ^aเชียงใหม่ : ^bภาควิชาจิตเวชศาสตร์ คณะแพทยศาสตร์ มหาวิทยาลัยเชียงใหม่,^c2553.
300    ^aจำนวน 368 หน้า.
650  0 ^aจิตบำบัด.
650  0 ^aจิตเวช.
999    ^aใช้งานได้ทุกระบบ
รายการนี้ยังไม่มีแท็ก
คุณยังไม่ได้ล็อกอิน คุณสามารถมีกิจกรรมร่วมกับเว็บไซต์ได้ แต่ต้องล็อกอินก่อน ::
  ล็อกอิน
ลำดับที่ ประเภท เลขเรียก สถานที่ สถานะ
1. หนังสือทั่วไป
หนังสือทั่วไป
WM 420 ท446จ 2553  
  
หนังสือทั่วไป On Shelf
  ขอยืม
2. หนังสือทั่วไป
หนังสือทั่วไป
WM 420 ท446จ 2553 ฉ.4 
  
หนังสือทั่วไป On Shelf
  ขอยืม
3. หนังสือทั่วไป
หนังสือทั่วไป
สถานะ=หนังสือเก่า - บริการ ณ ห้องสมุด (ห้องเหลือง)
WM 420 ท446จ 2553 ฉ.16 
  
ห้องสมุด หอพักนักศึกษา (ห้องเหลือง) On Shelf
  ขอยืม
   [แสดง 3/3 รายการ]

รายการใกล้เคียง
    หัวเรื่อง [จิตบำบัด.]
    หัวเรื่อง [จิตเวช.]

BibComment


ยังไม่เคยถูกคอมเมนท์

คอมเมนท์ทรัพยากรรายการนี้
  คอมเมนท์: จิตบำบัด ทฤษฎีแ..
Bib 206050

 
 
 

 Union Library Management : ULibM
Copyright 2026. All Rights Reserved.
скачать бесплатно без регистрации порно красивый секс HD Sex Hindi sex

xxx gou

xxxx

bfxxx

xxxwww

Секса Видео

xxxx

Секса Видео

detube

geilexxx

C99 Shell

worms shell

blod xxx video
Ebony Coed Rihanna Rimes Takes A Dick In Her Young Twat priyaa indian fuck anal and pusssy hardcore indian women xxx desi hardcore fucking part 1 bengalixxxcouple